| 000 | 00434cam a2200181 4500 | ||
|---|---|---|---|
| 001 | D6339 | ||
| 008 | 090401t xxu||||| |||| 00| 0 eng d | ||
| 035 | _a(Sirsi) u316 | ||
| 041 | _aeng | ||
| 050 | _a711.4094223 | ||
| 110 |
_aKent County Council _91554 |
||
| 245 | _aKent county structure plan | ||
| 260 |
_aMaidstone, Kent _bCounty Hall _c1974-75 |
||
| 300 | _a13v. illus. 30cm | ||
| 350 | _a0 | ||
| 942 | _n0 | ||
| 948 | _c04/03/1997 | ||
| 999 |
_c85529 _d85529 |
||